Les meilleurs buteurs Français de la Ligue des Champions - Statistiques

Statistiques générales
  • Ce quiz a été pris 448 fois
  • Le résultat moyen est 12 sur 15
Statistiques - réponses
RANG JOUEUR PERIODE CLUB(S) BUTS % Correct
2 Kylian Mbappé 2016- AS Monaco (6), PSG (42), Real Madrid (22) 70
100%
4 Antoine Griezmann 2014- Atlético Madrid (40), FC Barcelone (4) 44
99%
1 Karim Benzema 2005- Olympique Lyonnais (12), Real Madrid (78) 90
99%
3 Thierry Henry 1997-2012 AS Monaco (7), Arsenal (35), FC Barcelone (8) 50
98%
10 Franck Ribéry 2000-2022 Bayern Munich (18) 18
91%
7 Ousmane Dembélé 2015- Borussia Dortmund (2), FC Barcelone (8), PSG (17) 27
90%
14 Zinédine Zidane 1988-2006 Real Madrid (9), Juventus (5) 14
90%
8 Olivier Giroud 2005- Arsenal (12), Chelsea (6), AC Milan (6) 24
89%
11 Kingsley Coman 2013- Bayern Munich (17) 17
85%
12 Michel Platini 1972-1987 Juventus (17) 17
83%
5 David Trezeguet 1994-2014 AS Monaco (4), Juventus (25) 29
82%
6 Jean-Pierre Papin 1984-2004 OM (19), AC Milan (7), Bayern Munich (2) 28
80%
9 Nicolas Anelka 1996-2015 PSG (5), Arsenal (1), Real Madrid (2), Chelsea (12) 20
68%
15 Robert Pirès 1991-2015 Olympique de Marseille (2), Arsenal (11), Villarreal (1) 14
55%
13 Sylvain Wiltord 1993-2012 Bordeaux (4), Arsenal (3), Olympique Lyonnais (8) 15
40%
Aucun quiz correspondant
Distribution des résultats
% des personnes avec chaque résultat
Percentile par nombre de réponses
Votre historique - résultats
Vous n’avez pas pris ce quiz